Πολυκριτήρια ευφυή συστήματα υποστήριξης αποφάσεων για την αξιολόγηση των επιδόσεων και της βιωσιμότητας των επιχειρήσεων

Αποθηκεύτηκε σε:
Λεπτομέρειες βιβλιογραφικής εγγραφής
Κύριος συγγραφέας: Ζοπουνίδης, Κωνσταντίνος
Άλλοι συγγραφείς: Δούμπος, Μιχάλης, Ματσατσίνης, Νίκος Φ.
Μορφή: Βιβλίο
Γλώσσα:Greek
Δημοσίευση: Αθήνα : Ελλην, c1996
Θέματα:
Ετικέτες: Προσθήκη ετικέτας
Δεν υπάρχουν, Καταχωρήστε ετικέτα πρώτοι!

MARC

LEADER 00000cam a2200000 i 4500
001 1/14102
008 001204s1996 gr ||| | gre||
020 |a 960-286-222-X 
035 |l 10064872 
040 |a GR-MY-UA  |b gre  |e aacr 
041 0 |a gre 
082 0 |a 658.15 
100 1 |a Ζοπουνίδης, Κωνσταντίνος. 
245 1 0 |a Πολυκριτήρια ευφυή συστήματα υποστήριξης αποφάσεων για την αξιολόγηση των επιδόσεων και της βιωσιμότητας των επιχειρήσεων /  |c Κωνσταντίνος Ζοπουνίδης, Μιχάλης Δούμπος, Νίκος Φ. Ματσατσίνης 
260 |a Αθήνα :   |b Ελλην,   |c c1996 
300 |a 197 σ. 
500 |a Αποτελεί συνέχεια του βιβλίου "Πολυκριτήρια μεθοδολογία και χρηματοοικονομικό μάνατζμεντ" 
504 |a Περιέχει βιβλιογραφία και ευρετήριο 
650 0 0 |a Business enterprises  |x Finance. 
650 0 0 |a Decision making. 
650 0 0 |a Decision making  |x Mathematical models. 
700 1 |a Δούμπος, Μιχάλης. 
700 1 |a Ματσατσίνης, Νίκος Φ. 
852 |a INST  |b CHIOS  |e 20001204  |h 658.15 ΖΟΠ  |p 005200017088  |q 005200017088  |t BK  |y 0 
901 |a BIBL2-2001-1 
909 |a Χ  |b 082241 
922 |a 2ΕΛΗ  |b 200010  |c ΤΜΟΔ  |d ΠΑΠΑΣΩΤΗΡΙΟΥ 
950 |a 186-2000-07-24 
970 |a ΣΠΕΝΤΖΑ  |b ΕΛΕΝΗ  |z 2001/01/18